00000000nam##2200000za#4500
0019.675608
003CaOODSP
00520250910142445
007cr |||||||||||
008150407|2007||||xxc|||||o    f|0| 0 fre|d
040 |aCaOODSP|bfre
041 |aeng
041 |afre
043 |an-cn---
0861 |aD2-199/2-2007-PDF
1101 |aCanada. |bMinistère de la défense nationale.
24510|aCadre des instructeurs de cadets : |h[ressource électronique]|bmotiver, encourager, diriger, réussir
260 |aOttawa - Ontario : |bDéfense nationale |c[2007].
300 |a9p.|bill. en couleur, photographies
500 |aLe n° de catalogue (D2-199/2-2007) et l'ISBN (978-1-662-49932-9) de l'édition imprimée bilingue ont été incorrectement copiés dans la version PDF.
590 |a12-30-Supp|b2012-06-28
69107|aArmée|2gcpds
69107|aFormation militaire|2gcpds
791 |tCadet instructors cadre : |eeng|w(CaOODSP)9.675607
85640|ahttp://publications.gc.ca|qPDF|s2703 Ko|uhttps://publications.gc.ca/collections/collection_2011/dn-nd/D2-199-2-2007.pdf